| 000 | 00818nac a22002051u 4500 | ||
|---|---|---|---|
| 010 | _a98027241 | ||
| 020 | _a0136717101 | ||
| 020 | _a8178086344 | ||
| 082 | 0 | 0 |
_a004.35 _bW6861 |
| 090 |
_c659 _d659 |
||
| 100 | _aWilkinson, Barry. | ||
| 245 | 1 | 0 |
_aParallel programming : _btechniques and applications using networked workstations and parallel computers / _cBarry Wilkinson, Michael Allen. |
| 260 |
_aNew Delhi : _bPearson Education, _cc2003. |
||
| 300 |
_axv, 431 p. ; _c24 cm. |
||
| 504 | _aIncludes bibliographical references and index. | ||
| 650 | 0 | _aParallel programming (Computer science) | |
| 700 | 1 | _aAllen, C. Michael. | |
| 942 |
_cBB _k004.35W6861 |
||
| 999 |
_c659 _d659 |
||